000 00730cam a2200193 4500
001 J64340
008 000000n1986 000 0 eng u
035 _a(Sirsi) u112311
110 _aInstitute of Building Control
_93341
245 4 _aThe Institution of Building Control Officers 1986 weekend school University of Exeter
260 _aEpsom
_bIBC
_c1986
300 _a18p. ; 30cm.
520 _aStored in basement.Twentieth weekend school Exeter University 4th-6th April 1986 - organised by the South Western district of the institution
650 _aIBC
650 _aINSTITUTE OF BUILDING CONTROL
650 _aPROFESSIONAL ASSOCIATIONS
690 _aMANAGEMENT-BUSINESS MANAGEMENT-PROFESSIONAL PRACTICE
942 _n0
999 _c101403
_d101403